The fault in our stars

Bibliographic Details
Main Author: Green, John (Author)
Format: Book
Language:English
Published: England : Penguin Books 2012
Subjects:

MARC

LEADER 00000cam a2200000 7i4500
001 0000028398
005 20241122.0
008 190225 -uk eng
020 |a 9780141345659 
040 |a INS   |b eng   |e rda 
090 0 0 |a PZ7.G8233   |b G73 2012 
100 1 |a Green, John ,   |e author 
245 1 4 |a The fault in our stars   |c John Green 
264 1 |a England :   |b Penguin Books   |c 2012 
264 4 |c ©2012 
300 |a 316 pages ;   |c 21 cm. 
336 |a text  |2 rdacontent 
337 |a unmediated  |2 rdamedia 
338 |a volume  |2 rdacarrier 
650 0 |a Cancer   |x Fiction 
650 0 |a Terminally ill   |x Fiction 
999 |a 0000024582   |b BOOK   |c Open Shelf   |e Default branch